000 01570cam a22003252 4500
001 E143425
008 080507s2008 f 000 0 eng u
020 _a9781842194072
035 _a(Sirsi) u143425
041 0 _aeng
050 _a347.4107
_c18
110 _aRoyal Institution of Chartered Surveyors
_94900
245 _aSurveyors acting as adjudicators in the construction industry
_bRICS guidance note
250 _a2nd ed.
260 _aLondon
_bRICS
_c2008
300 _aiv, 32p.
_c30cm.
490 _aRICS Guidance Note
520 _aThe principal purpose of this guidance note is to provide advice to those practising as adjudicators. However, it is also intended to assist the parties themselves and those acting for them, by making them aware of the procedures likely to be followed.
590 _aKA
650 _aMANAGEMENT-DISPUTE AVOIDANCE, MANAGEMENT AND RESOLUTION-DISPUTE MANAGEMENT AND RESOLUTION-ALTERNATIVE DISPUTE RESOLUTION-ADJUDICATION
650 _aBUILT ENVIRONMENT-BUILDING CONTRACT FORMS
650 _aCONSTRUCTION INDUSTRY
650 _aEXPERT WITNESSES
650 _aSURVEYORS
651 _aEngland and Wales
_y1543-
690 _aMANAGEMENT-DISPUTE AVOIDANCE, MANAGEMENT AND RESOLUTION-DISPUTE MANAGEMENT AND RESOLUTION-ALTERNATIVE DISPUTE RESOLUTION-ADJUDICATION
710 _aRoyal Institution of Chartered Surveyors
_bDispute Resolution Faculty
856 _uhttps://www.rics.org/Global/Downloads/SurveyorsActingAdjudicatorsConstructionIndustry.pdf
_zView the item free of charge at www.rics.org...
942 _n0
999 _c108157
_d108157